[Event "FRA-ch U12"]
[Site "Troyes"]
[Date "2010.04.17"]
[Round "8"]
[White "Boudia, Samy"]
[Black "Ek, Alexandre"]
[Result "0-1"]
[WhiteElo "1633"]
[BlackElo "1833"]
[PlyCount "68"]
[EventDate "2010.04.11"]
[EventType "swiss"]
[EventRounds "9"]
[EventCountry "FRA"]
[SourceTitle "EXT 2012"]
[Source "ChessBase"]
[SourceDate "2011.11.24"]
[SourceVersion "1"]
[SourceVersionDate "2011.11.24"]
[SourceQuality "1"]

1. d4 Nf6 2. c4 g6 3. Nc3 d5 4. Nf3 Bg7 5. Bg5 Ne4 6. Bd2 Nxc3 7. bxc3 0-0 8. e3 c5 9. Be2 Nc6 10. 0-0 Bg4 11. cxd5 Qxd5 12. h3 Bf5 13. Re1 e5 14. c4 Qd6 15. d5 e4 16. Nh4 Bxa1 17. Qxa1 Nb4 18. Nxf5 gxf5 19. Rd1 f6 20. a3 Na6 21. f4 Kf7 22. Rb1 b6 23. Bc3 Ke7 24. Be5 fxe5 25. fxe5 Qg6 26. d6+ Ke6 27. Qc3 Qg7 28. Qb3 Qxe5 29. Qb5 Nb8 30. Rd1 Nd7 31. Kh1 Qg3 32. Qb3 Rg8 33. Bf1 Ne5 34. Qc3 Nf3 0-1

[Event "FRA-ch U12"]
[Site "Troyes"]
[Date "2010.04.16"]
[Round "7"]
[White "Meunier, Clement1111"]
[Black "Boudia, Samy"]
[Result "0-1"]
[WhiteElo "1813"]
[BlackElo "1633"]
[PlyCount "152"]
[EventDate "2010.04.11"]
[EventType "swiss"]
[EventRounds "9"]
[EventCountry "FRA"]
[SourceTitle "EXT 2012"]
[Source "ChessBase"]
[SourceDate "2011.11.24"]
[SourceVersion "1"]
[SourceVersionDate "2011.11.24"]
[SourceQuality "1"]

1. e4 e6 2. d4 d5 3. Nc3 Nf6 4. Bg5 dxe4 5. Nxe4 Be7 6. Bxf6 Bxf6 7. Nf3 Nd7 8. Bd3 c5 9. c3 cxd4 10. Nxd4 0-0 11. Nxf6+ Qxf6 12. Qc2 g6 13. 0-0-0 Nc5 14. h4 b6 15. Be4 Qf4+ 16. Kb1 Qxe4 17. f3 Qxc2+ 18. Kxc2 Bb7 19. h5 e5 20. Nb5 Rfd8 21. Nd6 Ba6 22. c4 Nb7 23. Ne4 Rxd1 24. Rxd1 Rd8 25. Re1 Bxc4 26. Kc3 Rc8 27. Kd2 Bxa2 28. Ra1 Rd8+ 29. Ke3 Bd5 30. Rxa7 Bxe4 31. Kxe4 Nc5+ 32. Kxe5 Nd3+ 33. Kf6 gxh5 34. b3 Rd6+ 35. Kg5 Kg7 36. Ra1 Nc5 37. b4 Rd5+ 38. Kf4 Rd4+ 39. Kg5 Rxb4 40. g4 hxg4 41. fxg4 Rb5 42. Ra8 Ra5 43. Re8 Nd7+ 44. Kf4 Ra4+ 45. Kf5 Rxg4 46. Rd8 Rd4 47. Re8 b5 48. Re3 b4 49. Rg3+ Kf8 50. Rh3 Rd5+ 51. Ke4 Nf6+ 52. Kf4 Rb5 53. Rb3 Nd7 54. Ke3 Nc5 55. Rb2 b3 56. Kd2 Na4 57. Rb1 b2 58. Kc2 Ke7 59. Re1+ Kd6 60. Rd1+ Kc6 61. Rf1 b1Q+ 62. Rxb1 Rxb1 63. Kxb1 h5 64. Kc2 h4 65. Kd3 h3 66. Ke4 h2 67. Kf4 h1Q 68. Ke5 Qh6 69. Ke4 Nc5+ 70. Kd4 Qf4+ 71. Kc3 Qe5+ 72. Kc2 Kb5 73. Kb1 Kb4 74. Kc2 Qe2+ 75. Kc1 Kb3 76. Kb1 Qb2# 0-1

[Event "FRA-ch U12"]
[Site "Troyes"]
[Date "2010.04.15"]
[Round "6"]
[White "Boudia, Samy"]
[Black "Kern, Nicolas"]
[Result "1/2-1/2"]
[WhiteElo "1633"]
[BlackElo "1759"]
[PlyCount "114"]
[EventDate "2010.04.11"]
[EventType "swiss"]
[EventRounds "9"]
[EventCountry "FRA"]
[SourceTitle "EXT 2012"]
[Source "ChessBase"]
[SourceDate "2011.11.24"]
[SourceVersion "1"]
[SourceVersionDate "2011.11.24"]
[SourceQuality "1"]

1. d4 d5 2. Nf3 c6 3. c4 e6 4. Nc3 Nf6 5. Bg5 Be7 6. e3 0-0 7. Bd3 Nbd7 8. 0-0 h6 9. Bh4 dxc4 10. Bxc4 b5 11. Bd3 a6 12. a3 Bb7 13. Qe2 c5 14. Rad1 Qb6 15. Bb1 Rfe8 16. Bg3 Qc6 17. Qc2 cxd4 18. exd4 Rac8 19. Kh1 Bxa3 20. Rc1 Bd6 21. Qd3 Bxg3 22. hxg3 Red8 23. Rg1 Nc5 24. Qe3 Ncd7 25. Ne5 Qb6 26. Nf3 Nd5 27. Qd3 N7f6 28. Ne5 Nb4 29. Qe2 Rxd4 30. Rgd1 Rxd1+ 31. Rxd1 Nbd5 32. Ne4 Nxe4 33. Qxe4 Nf6 34. Qd3 Bd5 35. Nd7 Qxf2 36. Nxf6+ gxf6 37. Qh7+ Kf8 38. Rxd5 Rc1+ 39. Kh2 exd5 40. Qxh6+ Ke7 41. Qxc1 Qb6 42. Qd2 Qe6 43. Ba2 Kd6 44. Qb4+ Kd7 45. Qc5 Qd6 46. Qa7+ Ke6 47. Qa8 Ke5 48. Qa7 f5 49. Qe3+ Kf6 50. Qh6+ Ke7 51. Qg5+ Ke6 52. Qh6+ Ke7 53. Qe3+ Kf6 54. Qd4+ Ke6 55. Qh8 Ke7 56. Qh7 Ke6 57. Bb1 Qe5 1/2-1/2

[Event "Paris-ch op-B"]
[Site "Paris"]
[Date "2009.07.04"]
[Round "1"]
[White "De Mersseman, Eric"]
[Black "Boudia, Samy"]
[Result "1-0"]
[WhiteElo "1809"]
[BlackElo "1629"]
[PlyCount "93"]
[EventDate "2009.07.04"]
[EventType "swiss"]
[EventRounds "9"]
[EventCountry "FRA"]
[SourceTitle "EXT 2010"]
[Source "ChessBase"]
[SourceDate "2010.11.25"]
[SourceVersion "1"]
[SourceVersionDate "2010.11.25"]
[SourceQuality "1"]

1. c4 Nf6 2. Nc3 g6 3. e4 d6 4. d4 Bg7 5. f3 0-0 6. Bg5 Nbd7 7. Qd2 c5 8. d5 Re8 9. Nge2 Rb8 10. Nc1 a6 11. Be2 Qc7 12. 0-0 b5 13. cxb5 axb5 14. Bxb5 c4 15. Be3 Rf8 16. Bd4 Qa5 17. Bxc4 Nb6 18. Be2 Qa8 19. Nb3 Bd7 20. Rac1 Rfc8 21. g4 Nc4 22. Bxc4 Rxc4 23. Ne2 Rxc1 24. Qxc1 e6 25. g5 Ne8 26. Bxg7 Kxg7 27. Qc3+ e5 28. Kg2 Rc8 29. Qd3 Qb8 30. Nc3 Nc7 31. Rb1 Nb5 32. Nxb5 Bxb5 33. Qd2 Ba4 34. Na1 Rc7 35. b3 Bd7 36. Rc1 Kf8 37. Rxc7 Qxc7 38. a4 Ke8 39. a5 Qa7 40. Nc2 Kd8 41. Ne3 Kc8 42. Nc4 Qa6 43. Qb4 Kc7 44. Qb6+ Qxb6 45. axb6+ Kb7 46. Nxd6+ Kxb6 47. Nxf7 1-0

[Event "FRA-chT U20 0809"]
[Site "Sautron"]
[Date "2009.01.04"]
[Round "7.10"]
[White "Boudia, Samy"]
[Black "Ariza, Thomas"]
[Result "1-0"]
[WhiteElo "1593"]
[BlackElo "1340"]
[PlyCount "77"]
[EventDate "2008.10.??"]
[EventType "team-tourn"]
[EventRounds "11"]
[EventCountry "FRA"]
[SourceTitle "EXT 2010"]
[Source "ChessBase"]
[SourceDate "2010.11.25"]
[SourceVersion "1"]
[SourceVersionDate "2010.11.25"]
[SourceQuality "1"]

1. d4 d5 2. c4 c6 3. cxd5 cxd5 4. Nc3 Nf6 5. Bg5 Bf5 6. e3 Nc6 7. a3 e6 8. Nf3 Be7 9. Be2 0-0 10. 0-0 h6 11. Bh4 a6 12. Nd2 Nd7 13. Bxe7 Qxe7 14. f4 b5 15. Nf3 Nf6 16. Ne5 Nxe5 17. fxe5 Ne4 18. Nxd5 exd5 19. Rxf5 Qe6 20. Rf4 f6 21. Bg4 f5 22. Be2 Qg6 23. Qb3 Rad8 24. Rc1 Ng5 25. Kh1 Ne4 26. Qb4 Rc8 27. Qe1 Rxc1 28. Qxc1 Qg5 29. Qc6 Qh4 30. Qxd5+ Kh7 31. Rxh4 Rc8 32. g3 Rc1+ 33. Kg2 Rc2 34. Rxe4 Rxe2+ 35. Kf3 Rxh2 36. Rh4 Rxb2 37. Qf7 a5 38. Qxf5+ Kh8 39. e6 1-0

[Event "FRA-chT U20 0809"]
[Site "Sautron"]
[Date "2009.01.03"]
[Round "5.6"]
[White "Boudia, Samy"]
[Black "Richard, Francois"]
[Result "1-0"]
[WhiteElo "1593"]
[BlackElo "1470"]
[PlyCount "47"]
[EventDate "2008.10.??"]
[EventType "team-tourn"]
[EventRounds "11"]
[EventCountry "FRA"]
[SourceTitle "EXT 2010"]
[Source "ChessBase"]
[SourceDate "2010.11.25"]
[SourceVersion "1"]
[SourceVersionDate "2010.11.25"]
[SourceQuality "1"]

1. d4 d5 2. c4 e5 3. e3 Nc6 4. cxd5 Qxd5 5. Nc3 Qa5 6. d5 Nce7 7. e4 Nf6 8. Bd2 Qb6 9. Rc1 a6 10. h3 Bd7 11. Nf3 Ng6 12. Bd3 0-0-0 13. b4 Bxb4 14. Rb1 Qc5 15. Qb3 Nf4 16. Bf1 a5 17. a3 b6 18. axb4 axb4 19. Qxb4 Qxb4 20. Rxb4 Kb7 21. Nxe5 Ng6 22. Nxf7 Rhe8 23. Nxd8+ Rxd8 24. Bg5 1-0

[Event "FRA-chT U20 0809"]
[Site "Sautron"]
[Date "2009.01.02"]
[Round "4.6"]
[White "Hoerdt, Audran"]
[Black "Boudia, Samy"]
[Result "0-1"]
[WhiteElo "1580"]
[BlackElo "1593"]
[PlyCount "88"]
[EventDate "2008.10.??"]
[EventType "team-tourn"]
[EventRounds "11"]
[EventCountry "FRA"]
[SourceTitle "EXT 2010"]
[Source "ChessBase"]
[SourceDate "2010.11.25"]
[SourceVersion "1"]
[SourceVersionDate "2010.11.25"]
[SourceQuality "1"]

1. Nf3 d6 2. g3 Nf6 3. Bg2 g6 4. 0-0 Bg7 5. d4 0-0 6. c4 Nbd7 7. Nc3 e5 8. Bg5 h6 9. Bxf6 Bxf6 10. a3 Bg7 11. Rc1 f5 12. b4 f4 13. c5 g5 14. cxd6 cxd6 15. Nb5 e4 16. Ne1 Nf6 17. Nc7 Rb8 18. Qb3+ Kh8 19. Ne6 Bxe6 20. Qxe6 d5 21. gxf4 gxf4 22. Qh3 Rg8 23. Qc3 Qe8 24. Qd2 Nh5 25. Rc5 Qe6 26. Kh1 b6 27. Rc7 Qg6 28. f3 Ng3+ 29. Kg1 Nxf1 30. Kxf1 Qf5 31. Rxa7 Rbf8 32. a4 Bf6 33. Ra6 Bh4 34. Rxb6 Qg5 35. e3 fxe3 36. Qe2 Bxe1 37. Kxe1 exf3 38. Bxf3 Qg1+ 39. Qf1 Qxf1+ 40. Kxf1 Rxf3+ 41. Ke2 Rh3 42. Rf6 Rg2+ 43. Ke1 Rhxh2 44. a5 Rb2 0-1

[Event "FRA-ch U10"]
[Site "La Roche sur Yon"]
[Date "2008.04.23"]
[Round "1"]
[White "Andreyuk, Alexandre"]
[Black "Boudia, Samy"]
[Result "0-1"]
[WhiteElo "1410"]
[BlackElo "1690"]
[PlyCount "67"]
[EventDate "2008.04.23"]
[EventType "swiss"]
[EventRounds "9"]
[EventCountry "FRA"]
[SourceTitle "EXT 2010"]
[Source "ChessBase"]
[SourceDate "2010.11.25"]
[SourceVersion "1"]
[SourceVersionDate "2010.11.25"]
[SourceQuality "1"]

1. e4 d6 2. d4 Nf6 3. Nc3 g6 4. f4 Bg7 5. Nf3 0-0 6. Be3 Nbd7 7. Qd2 Rb8 8. h3 Nh5 9. g4 Ng3 10. Rg1 Nxf1 11. Rxf1 b5 12. h4 b4 13. Nd5 a5 14. f5 c6 15. Nf4 Nf6 16. e5 Nxg4 17. exd6 Nxe3 18. Qxe3 exd6 19. fxg6 Re8 20. gxf7+ Kxf7 21. Ng5+ Kg8 22. Nge6 Qxh4+ 23. Kd1 Bxe6 24. Nxe6 Qg4+ 25. Kd2 Qxe6 26. Qxe6+ Rxe6 27. Rae1 Rbe8 28. Rxe6 Rxe6 29. Kd3 Rf6 30. Re1 Kf7 31. Rh1 h6 32. Kc4 Rf2 33. Rc1 Bf8 34. Kb3 0-1

[Event "FRA-ch U08"]
[Site "Le Grand Bornand"]
[Date "2007.04.??"]
[Round "4"]
[White "Senebier, Hugo"]
[Black "Boudia, Samy"]
[Result "0-1"]
[WhiteElo "1150"]
[BlackElo "1600"]
[PlyCount "41"]
[EventDate "2007.04.07"]
[EventType "swiss"]
[EventRounds "9"]
[EventCountry "FRA"]
[SourceTitle "CBM 118 Extra"]
[Source "ChessBase"]
[SourceDate "2007.07.04"]
[SourceVersion "1"]
[SourceVersionDate "2007.07.04"]
[SourceQuality "1"]

1. e4 e6 2. c4 c6 3. d3 d5 4. Nc3 d4 5. Na4 c5 6. Bd2 Nc6 7. Nf3 h6 8. Be2 Nf6 9. b3 Be7 10. 0-0 0-0 11. h3 a5 12. a3 b6 13. Bf4 Bb7 14. Ne5 Nxe5 15. Bxe5 Nd7 16. Bf4 Bc6 17. Nb2 e5 18. Bg3 Bd6 19. Qc2 Qc7 20. Bf3 Nf6 21. Bh4 0-1

[Event "FRA-chT U20a 0405"]
[Site "France"]
[Date "2005.05.16"]
[Round "11.8"]
[White "Gonzalez, Claire"]
[Black "Boudia, Samy"]
[Result "1-0"]
[WhiteElo "1090"]
[BlackElo "1110"]
[PlyCount "75"]
[EventDate "2004.11.19"]
[EventType "team"]
[EventRounds "11"]
[EventCountry "FRA"]
[SourceTitle "EXT 2006"]
[Source "ChessBase"]
[SourceDate "2005.11.24"]
[SourceVersion "1"]
[SourceVersionDate "2005.11.24"]
[SourceQuality "1"]

1. e4 e6 2. d4 d5 3. e5 c5 4. c3 Nc6 5. Nf3 Qb6 6. Nbd2 f6 7. Qe2 Bd7 8. b3 fxe5 9. Nxe5 Nf6 10. Nxd7 Nxd7 11. Nf3 Ne7 12. Ne5 Nxe5 13. Qxe5 Nf5 14. Bd3 Ne7 15. Bh6 Rg8 16. Bxh7 Rh8 17. Bxg7 Bxg7 18. Qxg7 Rf8 19. 0-0 Kd7 20. Rae1 cxd4 21. Qe5 dxc3 22. Qxc3 d4 23. Qc4 Rac8 24. Qd3 Rc3 25. Qd2 Qb4 26. Qe2 Qb6 27. h4 Nd5 28. Qe5 Rf6 29. Be4 Rh6 30. Bxd5 exd5 31. Qxd5+ Kc7 32. Re7+ Kc8 33. Qf5+ Kb8 34. Qf8+ Rc8 35. Re8 Rhc6 36. Rfe1 Rc1 37. Rxc1 a6 38. Rcxc8+ 1-0

[Event "FRA-chT U20 0405"]
[Site "Agneaux"]
[Date "2004.12.21"]
[Round "7.10"]
[White "Catherine, Pierre Emmanuel"]
[Black "Boudia, Samy"]
[Result "0-1"]
[WhiteElo "1290"]
[BlackElo "1110"]
[PlyCount "144"]
[EventDate "2004.12.16"]
[EventType "team"]
[EventRounds "7"]
[EventCountry "FRA"]
[SourceTitle "EXT 2006"]
[Source "ChessBase"]
[SourceDate "2005.11.24"]
[SourceVersion "1"]
[SourceVersionDate "2005.11.24"]
[SourceQuality "1"]
[WhiteTeam "Rennes Paul Bert"]
[BlackTeam "AECE"]
[WhiteTeamCountry "FRA"]
[BlackTeamCountry "FRA"]

1. e4 e5 2. Nf3 Nc6 3. Nc3 Bc5 4. Bc4 Nf6 5. d3 0-0 6. Bg5 d6 7. Nd5 Bg4 8. h3 Bh5 9. c3 a6 10. d4 Ba7 11. Qd2 b5 12. Be2 Nxe4 13. Bxd8 Nxd2 14. Nxd2 Bxe2 15. Kxe2 Raxd8 16. Nxc7 Bb6 17. Nxa6 Ra8 18. Nb4 Nxb4 19. cxb4 Bxd4 20. Nb3 Bxb2 21. Rab1 Rxa2 22. Rhd1 Ba3+ 23. Kf1 Bxb4 24. Rdc1 Ba3 25. Rc7 Bb4 26. Rbc1 h6 27. g4 Ba5 28. Nxa5 Rxa5 29. Rc8 Rxc8 30. Rxc8+ Kh7 31. Ke2 Ra2+ 32. Kd1 Ra1+ 33. Kc2 b4 34. Kb2 Rd1 35. Rc4 Rd2+ 36. Kc1 Rxf2 37. Rxb4 Rf1+ 38. Kd2 Rh1 39. Rb6 Rxh3 40. Rxd6 Rg3 41. Rd5 Rxg4 42. Rxe5 f6 43. Rf5 Rd4+ 44. Ke3 Rb4 45. Kf3 Rb3+ 46. Kf4 g5+ 47. Kg4 Rb4+ 48. Kf3 g4+ 49. Kg3 Rb2 50. Rxf6 h5 51. Kh4 Rh2+ 52. Kg3 Rh3+ 53. Kg2 Kg7 54. Rf5 Kg6 55. Rf1 h4 56. Rh1 Rxh1 57. Kxh1 Kf5 58. Kh2 g3+ 59. Kg2 Kg4 60. Kg1 Kf3 61. Kh1 h3 62. Kg1 h2+ 63. Kh1 g2+ 64. Kxh2 Kf2 65. Kh3 g1Q 66. Kh4 Qh2+ 67. Kg4 Qg3+ 68. Kh5 Kf3 69. Kh6 Kf4 70. Kh7 Kf5 71. Kh8 Kf6 72. Kh7 Qg7# 0-1